| 000 | 00626nam a2200181Ia 4500 | ||
|---|---|---|---|
| 003 | GCL | ||
| 008 | 140319s9999 xx 000 0 ara d | ||
| 040 |
_aGCL / _cGCL |
||
| 082 | 0 | 4 |
_a814 _bع ر |
| 100 | 1 | _aعبداللطيف اللعيبى | |
| 245 | 1 | 0 |
_aالرهان الثقافى\ المسالة الثقافية, الكتابة, فلسطين, مقابلات / _cعبداللطيف اللعيبى |
| 260 |
_a[S.N] : _bدار التنوير للطباعة والنشر ، _c1985 |
||
| 300 | _a212 ص | ||
| 490 | _a | ||
| 650 | 0 | 4 | _aالادب العربى |
| 650 | 0 | 4 | _aمقالات ومحاضرات |
| 942 |
_2ddc _cBK |
||
| 999 |
_c53224 _d53224 |
||